000 00496nam a2200181Ia 4500
005 20250326142528.0
008 250326s9999 xx 000 0 und d
037 _aTextbook
040 _aFMSL
_beng
_cFMSL
041 _aeng
_2eng
084 _aX:9 N9
_qFMSL
100 _aStorey J
_9744037
245 0 _aNew Perspectives on human resource management
_cStorey J
260 _aLondon
_bLondon, Routledge
_c1989
300 _a219p
942 _cTB
_hX:9 N9
999 _c1295453
_d1295453